Wong wedok ke-tjentok² / (Record no. 84140)

MARC details
000 -LEADER
fixed length control field 00533cam a22002051a 4500
001 - CONTROL NUMBER
control field sa 68011834
003 - CONTROL NUMBER IDENTIFIER
control field DLC
005 - DATE AND TIME OF LATEST TRANSACTION
control field 20260227112604.0
008 - FIXED-LENGTH DATA ELEMENTS--GENERAL INFORMATION
fixed length control field 950323s1966 io 000 0 jav
010 ## - LIBRARY OF CONGRESS CONTROL NUMBER
LC control number sa 68011834
025 ## - OVERSEAS ACQUISITION NUMBER
Overseas acquisition number PL480:Indo-5603
035 ## - SYSTEM CONTROL NUMBER
System control number (OCoLC)32192765
040 ## - CATALOGING SOURCE
Original cataloging agency DLC
Transcribing agency WU
Modifying agency DLC
042 ## - AUTHENTICATION CODE
Authentication code premarc
050 00 - LIBRARY OF CONGRESS CALL NUMBER
Classification number PL5179.W5
Item number W6
100 1# - MAIN ENTRY--PERSONAL NAME
Personal name Widajat, Widi.
245 10 - TITLE STATEMENT
Title Wong wedok ke-tjentok² /
Statement of responsibility, etc. rinengga gambar: Sumarso Ws.
260 ## - PUBLICATION, DISTRIBUTION, ETC.
Place of publication, distribution, etc. Sala :
Name of publisher, distributor, etc. "Sasongko,"
Date of publication, distribution, etc. [1966]
300 ## - PHYSICAL DESCRIPTION
Extent 38 p. ;
Dimensions 15 cm.

No items available.

Powered by Koha